MARC

LEADER 00000nam0a2200000 4500
001 314045
005 20231102002634.0
035 |a (RuTPU)RU\TPU\book\339455 
090 |a 314045 
100 |a 20160208d1975 m y0rusy50 ca 
101 0 |a rus 
102 |a RU 
105 |a a z 001zy 
200 1 |a Вакуумная индукционная плавка  |f Б. В. Линчевский 
210 |a Москва  |c Металлургия  |d 1975 
215 |a 240 с.  |c ил. 
320 |a Библиогр.: с. 229-233 
320 |a Предм. указ.: с. 234-238 
606 1 |a Электроплавильные печи, индукционные, вакуумные  |2 stltpush  |3 (RuTPU)RU\TPU\subj\20669  |9 45757 
610 1 |a плавка 
610 1 |a физико-химические процессы 
610 1 |a вакуум 
610 1 |a конструкции 
610 1 |a вакуумные индукционные печи 
610 1 |a технология 
610 1 |a сталь 
610 1 |a сплавы 
610 1 |a раскисление 
610 1 |a металлы 
610 1 |a выплавка 
675 |a 621.745.35  |v 4 
700 1 |a Линчевский  |b Б. В.  |g Борис Вадимович 
801 1 |a RU  |b 63413507  |c 20160208 
801 2 |a RU  |b 63413507  |c 20200120  |g RCR 
942 |c BK